| 000 | 00480nam a2200145 a 4500 | ||
|---|---|---|---|
| 001 | 3626 | ||
| 003 | CDMR | ||
| 005 | 20130116135247.0 | ||
| 008 | 130130s2007||||||||||||||||||||||||||||d | ||
| 040 |
_aCDMR _bcat _cCPC GIRONA |
||
| 100 | 1 |
_aFombuena Valero, Josefa _92587 |
|
| 245 | 1 | 0 |
_aTrabajo social _bIdeología, práctica profesional y sociedad _cFombuena Valero, Josefa |
| 260 |
_c2007 _bCol·legi Oficial de Diplomats en Treball Social i Assistents Socials de Catalunya |
||
| 942 | _cMON | ||
| 999 |
_c3626 _d3626 |
||